Statistics for 5 Biggest Cities : Romania

Click here to take the quiz!

General Stats

  • This quiz has been taken 41 times
  • The average score is 4 of 5

Answer Stats

Rank City % Correct
1.Bucharest
100%
2.Cluj-Napoca
82%
3.Timisoara
62%
4.Iasi
56%
5.Constanta
50%

Score Distribution

Percentile by Number Answered

Percent of People with Each Score

Your Score History

You have not taken this quiz